Facebook Explore Feed: Perception and Consequences of the Experiment

Identifikácia a sumarizácia spätnej väzby na Facebook Explore Feed. Zhodnotenie dôsledkov podobných testov na globálne firmy. Závery na základe prieskumu.

Salvato in:
Dettagli Bibliografici
Autore principale: Kuchta, Martin, 1990-
Altri autori: Vašková, Linda, Miklošík, Andrej
Natura: Capitolo di libro
Lingua:inglese
Soggetti:
Tags: Aggiungi Tag
Nessun Tag, puoi essere il primo ad aggiungerne!!

MARC

LEADER 00000naa a2200000 4500
001 0261278
005 20240502083749.6
041 0 |a eng 
044 |a JP 
245 1 0 |a Facebook Explore Feed: Perception and Consequences of the Experiment  |c Martin Kuchta, Linda Vašková, Andrej Miklošík 
520 |a Identifikácia a sumarizácia spätnej väzby na Facebook Explore Feed. Zhodnotenie dôsledkov podobných testov na globálne firmy. Závery na základe prieskumu. 
610 2 0 |a siete sociálne 
610 2 0 |a reklama 
610 2 0 |a analýza kvantitatívna 
610 2 0 |a algoritmy 
610 2 0 |a digitalizácia 
100 1 |a Kuchta, Martin, 1990- 
700 1 |a Vašková, Linda 
700 1 |a Miklošík, Andrej